000 nam a22 4500
999 _c9050
_d9050
008 180410b ||||| |||| 00| 0 eng d
245 _aIntangible export of the Philippines.
260 _aPhilippines
_bManila Bulletin
_cc2016
300 _apage B-3.
650 0 _927182
_aExports.
942 _2ddc
_cPER